| 000 | 01022nam a2200289 a 4500 | ||
|---|---|---|---|
| 001 | 24623 | ||
| 003 | BD-RJUL | ||
| 005 | 20211209001056.0 | ||
| 008 | 140315r19601897enk 001 0 eng d | ||
| 035 | _a(BD-RjUL)24692 | ||
| 040 |
_aBD-RjUL _beng _cBD-RjUL |
||
| 041 | _aeng | ||
| 082 |
_a942.02 _219 _bMAD 1960 |
||
| 100 | 1 |
_aMaitland, Frederic William, _d1850-1906. _914069 |
|
| 245 | 1 | 0 |
_aDomesday book and beyond : _bthree essays in the early history of England / _cF.W. Maitland ; with an introduction by Edward Miller. |
| 260 |
_aCambridge : _bCollins, _c1960. |
||
| 300 |
_a605 p ; _c18 cm. |
||
| 490 | 0 | _aFontana library | |
| 500 | _aFirst published: Cambridge University Press, 1897. | ||
| 504 | _aincludes index | ||
| 650 | 0 |
_aLand tenure _zEngland _xHistory. _975782 |
|
| 650 | 0 |
_aFeudalism _zEngland _xHistory. _975783 |
|
| 651 | 0 |
_aGreat Britain _xHistory _yAnglo-Saxon period, 449-1066. _975784 |
|
| 651 | 0 |
_aGreat Britain _xHistory _yMedieval period, 1066-1485. _912704 |
|
| 942 |
_2ddc _cBK |
||
| 999 |
_c24623 _d24623 |
||